Monitorovanie radiačného krehnutia tlakových nádob reaktorov (TNR) typu VVER-440 v prevádzkových podmienkach

Enregistré dans:
Détails bibliographiques
Auteur principal: Kapusňák, Michal (Auteur)
Autres auteurs: Kupča, Ľudovít (Directeur de thèse)
Format: Manuscrit Livre
Langue:slovaque
Publié: 2016
Sujets:
Accès en ligne:http://is.stuba.sk/zp/portal_zp.pl?podrobnosti=91478
Tags: Ajouter un tag
Pas de tags, Soyez le premier à ajouter un tag!

MARC

LEADER 00000ntm a22000003a 4500
001 stuzp29170
003 SK-STU
005 20160912134933.6
007 ta
008 150427s2015----xo-----f-mn---000-0-slo-d
040 |a STU  |b slo 
041 0 |a slo 
100 1 |a Kapusňák, Michal  |u 061000  |k Z9  |4 aut  |U MTF Materiálovotechnologická fakulta  |T MTF Ústav materiálov  |X 33914  |U M1000  |Y 81  |7 A000033914 
242 0 1 |a Monitoring of radiation embrittlement of the VVER-440 type reactor pressure vessels (RPVs) under operating conditions  |y eng 
245 1 0 |a Monitorovanie radiačného krehnutia tlakových nádob reaktorov (TNR) typu VVER-440 v prevádzkových podmienkach 
260 |c 2016 
650 4 |a fluencia neutrónov  |2 slo 
650 4 |a tok neutrónov  |2 slo 
650 4 |a tlaková nádoba reaktora  |2 slo 
650 4 |a radiačné krehnutie  |2 slo 
650 4 |a program overovacích vzoriek  |2 slo 
650 4 |a neutrónové žiarenie  |2 slo 
650 4 |a skúšky mechanických vlastností  |2 slo 
650 4 |a penetračná skúška SPT  |2 slo 
650 4 |a Mochovecký program overovacích vzoriek - MPOV-34  |2 slo 
650 4 |a reactor pressure vessel  |2 eng 
650 4 |a irradiation embrittlement  |2 eng 
650 4 |a neutron fluence  |2 eng 
650 4 |a neutron flux  |2 eng 
650 4 |a mechanical properties tests  |2 eng 
650 4 |a surveillance specimen program  |2 eng 
650 4 |a neutron irradiation  |2 eng 
650 4 |a Small punch test SPT  |2 eng 
650 4 |a Mochovce surveillance specimen programme (MPOV-34)  |2 eng 
700 1 |a Kupča, Ľudovít  |4 ths  |X 3595  |7 A000003595 
856 4 |u http://is.stuba.sk/zp/portal_zp.pl?podrobnosti=91478 
996 |c M* DzP-485  |l MMSKP  |s P  |a 0  |w stuzp29170_0001